|
|
|
|
| LEADER |
01233nam a2200301 a 4500 |
| 001 |
4820015 |
| 008 |
091222s1991 maub b 001 0 eng d |
| 010 |
|
|
|a \\\89063942
|
| 020 |
|
|
|a 0312034687
|
| 040 |
|
|
|a NOwU
|c NOwU
|d DLC
|d BD-DhAAL
|
| 082 |
0 |
0 |
|a 809/.9112
|2 20
|
| 100 |
1 |
|
|a Verburg, Carol J.
|
| 245 |
1 |
0 |
|a Ourselves among others :
|b cross-cultural readings for writers /
|c by Carol J. Verburg.
|
| 250 |
|
|
|a 2nd ed.
|
| 260 |
|
|
|a Boston :
|b Bedford Books of St. Martin's Press,
|c 1991.
|
| 300 |
|
|
|a xvi, 703 p. :
|b maps ;
|c 23 cm.
|
| 504 |
|
|
|a Includes bibliographical references and index.
|
| 541 |
1 |
|
|e 00009698
|
| 500 |
|
|
|a Maps on lining paper.
|
| 650 |
|
0 |
|a Literature, Modern
|y 20th century
|x History and criticism.
|
| 650 |
|
0 |
|a Literature and society.
|
| 650 |
|
0 |
|a Ethnicity in literature.
|
| 650 |
|
0 |
|a Ethnology
|x Study and teaching
|z United States.
|
| 650 |
|
0 |
|a Multicultural education
|z United States.
|
| 650 |
|
0 |
|a Cross-cultural orientation.
|
| 852 |
4 |
|
|a Ayesha Abed Library
|j General shelf
|
| 999 |
|
|
|c 6354
|d 6354
|
| 952 |
|
|
|0 0
|1 0
|2 ddc
|4 0
|6 809_911200000000000_VER_1991
|7 0
|9 6409
|a BRACUL
|b BRACUL
|c GEN
|d 2009-12-23
|g 0.00
|l 0
|o 809.9112 VER
|p 3010009698
|r 2009-12-23
|t 1
|w 2009-12-23
|y BK
|x No price found in the accession register.
|